00863naa#a2200181#i#4500001001600000005001700016011001400033100004100047101000800088102000700096200026300103210015500366215001100521608004500532675005200577700002400629856002800653RU\\bibl\11781320260511071647.1##a2500-4026##a20240627b2024####ek#y0rusy0150####ca0#aRUS##aRU1#aАНАЛИЗ МЕТОДОВ АВТОМАТИЗИРОВАННОЙ ОБРАБОТКИ АНАЛИТИЧЕСКИХ ДАННЫХ О ПРОИСШЕСТВИЯХ В СИСТЕМАХ АНТИКРИЗИСНОГО УПРАВЛЕНИЯeЖурнальная статья1#aЖелезногорскcФГБОУ ВО Сибирская пожарно-спасательная академия ГПС МЧС Россииd2024##a13 с.##aЖурнальная статья2local##aСистемный анализ. 303.732.4zRUS#1aИгошинgД Д4#aapbt-sibpsa.editorum.ru